[Event "Sharjah Masters 3rd"]
[Site "Sharjah"]
[Date "2019.03.26"]
[Round "5"]
[White "Arencibia Rodriguez, Walter"]
[Black "Kunal, M."]
[Result "1/2-1/2"]
[WhiteElo "2506"]
[BlackElo "2258"]
[PlyCount "118"]
[EventDate "2019.03.22"]
[EventType "swiss"]
[EventRounds "9"]
[EventCountry "UAE"]
[SourceTitle "CBM 189 Extra"]
[Source "ChessBase"]
[SourceDate "2019.06.03"]
[SourceVersion "1"]
[SourceVersionDate "2019.06.03"]
[SourceQuality "1"]

1. d4 Nf6 2. c4 e6 3. Nc3 Bb4 4. e3 0-0 5. Bd3 d5 6. Nf3 c5 7. 0-0 dxc4 8. Bxc4 Nbd7 9. a3 Ba5 10. Qe2 cxd4 11. exd4 Bxc3 12. bxc3 Qc7 13. Bb2 b6 14. Ba2 Bb7 15. c4 Rfe8 16. Rfe1 Nf8 17. Ne5 Ng6 18. Nxg6 hxg6 19. Rac1 Rac8 20. h3 Qc6 21. Qf1 Qa4 22. Qd3 Ba6 23. Bb3 Qd7 24. Re5 Qd6 25. Qf3 Nd7 26. Ree1 Nf6 27. d5 exd5 28. cxd5 Rxe1+ 29. Rxe1 Bc4 30. Bxf6 gxf6 31. Bxc4 Rxc4 32. Rd1 b5 33. g3 Ra4 34. Rd3 b4 35. axb4 Rxb4 36. h4 Rb1+ 37. Kg2 Re1 38. h5 Re5 39. hxg6 fxg6 40. Qg4 Kg7 41. Qd4 Re7 42. Rc3 Rd7 43. Rc5 Qa6 44. Qc3 Qe2 45. Qd4 Qa6 46. Qf4 Qd3 47. Qf3 Qd4 48. Ra5 f5 49. Qe2 Qe4+ 50. Qxe4 fxe4 51. f4 g5 52. fxg5 Kg6 53. Kf2 Kxg5 54. Ke3 Kf5 55. Kd4 e3 56. Kxe3 Ke5 57. Kf3 Rxd5 58. Rxa7 Kf6 59. Ke4 Rb5 1/2-1/2

[Event "Sharjah op rapid"]
[Site "Sharjah"]
[Date "2018.05.26"]
[Round "7"]
[White "Arencibia Rodriguez, Walter"]
[Black "Sultan, Ibrahim"]
[Result "1-0"]
[WhiteElo "2506"]
[BlackElo "2120"]
[PlyCount "125"]
[EventDate "2018.05.23"]
[EventType "swiss (rapid)"]
[EventRounds "9"]
[EventCountry "UAE"]
[SourceTitle "CBM 184 Extra"]
[Source "ChessBase"]
[SourceDate "2018.06.28"]
[SourceVersion "1"]
[SourceVersionDate "2018.06.28"]
[SourceQuality "1"]

1. Nf3 d5 2. e3 Nf6 3. c4 c6 4. b3 Bf5 5. Bb2 e6 6. Be2 Be7 7. 0-0 h6 8. d3 0-0 9. Nbd2 Nbd7 10. a3 a5 11. Qc2 Bh7 12. Rac1 Qb8 13. Qc3 b5 14. Nd4 b4 15. Qc2 Qb7 16. cxd5 cxd5 17. Qc6 Qxc6 18. Nxc6 Bd6 19. axb4 axb4 20. Ra1 Rfc8 21. Rxa8 Rxa8 22. Ra1 Rxa1+ 23. Bxa1 Nc5 24. Nxb4 Nxb3 25. Nxb3 Bxb4 26. f3 Nd7 27. e4 Nc5 28. Nd4 dxe4 29. dxe4 Nd7 30. Bb5 Nf8 31. Kf1 Bg6 32. Nc6 Bc5 33. Ne5 Bh5 34. h4 f6 35. Nd3 Ba3 36. g4 Bf7 37. e5 fxe5 38. Nxe5 Ng6 39. Nxf7 Kxf7 40. h5 Ne7 41. Ke2 Bd6 42. Kd3 Nd5 43. Bd4 Nf6 44. Bc4 Ke7 45. Bf2 Bf4 46. Bb3 Bd6 47. Kc4 Nd7 48. Kb5 Ne5 49. Bd1 Nd3 50. Bh4+ Kf7 51. Kc6 Bb4 52. Bg3 Kf6 53. Kd7 Be1 54. Bc7 Nc5+ 55. Ke8 Nb7 56. f4 Bc3 57. Bf3 g6 58. Bxb7 gxh5 59. Bd8+ Kg7 60. gxh5 Bd2 61. Bc7 Be3 62. Be5+ Kg8 63. Bc8 1-0

[Event "Sharjah op blitz"]
[Site "Sharjah"]
[Date "2018.05.25"]
[Round "3"]
[White "Andal, Edmond"]
[Black "Arencibia Rodriguez, Walter"]
[Result "0-1"]
[WhiteElo "1788"]
[BlackElo "2506"]
[PlyCount "86"]
[EventDate "2018.05.25"]
[EventType "swiss (blitz)"]
[EventRounds "9"]
[EventCountry "UAE"]
[SourceTitle "CBM 184 Extra"]
[Source "ChessBase"]
[SourceDate "2018.06.28"]
[SourceVersion "1"]
[SourceVersionDate "2018.06.28"]
[SourceQuality "1"]

1. d4 Nf6 2. Nf3 e6 3. Bg5 c5 4. e3 cxd4 5. exd4 Be7 6. c3 b6 7. Bd3 Bb7 8. 0-0 Nc6 9. Nbd2 h6 10. Bf4 0-0 11. h3 Re8 12. Re1 Bf8 13. Qe2 d6 14. Qf1 Qc7 15. Bg3 Rad8 16. Bb5 Qc8 17. Rad1 a6 18. Ba4 b5 19. Bb3 Na5 20. Bc2 Bd5 21. a3 Nc4 22. Nxc4 bxc4 23. Ba4 Re7 24. Nd2 Rb7 25. Rb1 Qc7 26. Rec1 Rdb8 27. b4 cxb3 28. c4 Bc6 29. Bxb3 Qa5 30. Qd3 e5 31. d5 Bd7 32. c5 Bb5 33. Qe3 dxc5 34. Bxe5 Re8 35. Bc3 Qd8 36. Qg3 Bd6 37. Qf3 Be2 38. Qf5 Qd7 39. Qxd7 Nxd7 40. Ba4 Rxb1 41. Rxb1 Bd3 42. Bxd7 Re7 43. Rb7 Re1+ 0-1

[Event "Sharjah op blitz"]
[Site "Sharjah"]
[Date "2018.05.25"]
[Round "1"]
[White "Dalvi, Sharjeel"]
[Black "Arencibia Rodriguez, Walter"]
[Result "0-1"]
[WhiteElo "1418"]
[BlackElo "2506"]
[PlyCount "34"]
[EventDate "2018.05.25"]
[EventType "swiss (blitz)"]
[EventRounds "9"]
[EventCountry "UAE"]
[SourceTitle "CBM 184 Extra"]
[Source "ChessBase"]
[SourceDate "2018.06.28"]
[SourceVersion "1"]
[SourceVersionDate "2018.06.28"]
[SourceQuality "1"]

1. e4 Nf6 2. Nc3 d5 3. exd5 Nxd5 4. Nxd5 Qxd5 5. Nf3 Nc6 6. h3 e5 7. c4 Qe6 8. Ng5 Qg6 9. Nf3 e4 10. Nh2 Bc5 11. d3 0-0 12. Bf4 Bb4+ 13. Bd2 exd3 14. Bxb4 Nxb4 15. Kd2 Qf6 16. Rb1 Qxf2+ 17. Kc3 c5 0-1

[Event "Sharjah op rapid"]
[Site "Sharjah"]
[Date "2018.05.24"]
[Round "5"]
[White "Arencibia Rodriguez, Walter"]
[Black "Omar, Noaman"]
[Result "1-0"]
[WhiteElo "2506"]
[BlackElo "2353"]
[PlyCount "75"]
[EventDate "2018.05.23"]
[EventType "swiss (rapid)"]
[EventRounds "9"]
[EventCountry "UAE"]
[SourceTitle "CBM 184 Extra"]
[Source "ChessBase"]
[SourceDate "2018.06.28"]
[SourceVersion "1"]
[SourceVersionDate "2018.06.28"]
[SourceQuality "1"]

1. d4 d5 2. c4 e6 3. Nc3 a6 4. cxd5 exd5 5. Nf3 Be7 6. Bf4 Nf6 7. e3 0-0 8. Bd3 Nh5 9. Be5 Nc6 10. h3 Nxe5 11. dxe5 g6 12. Qc2 c5 13. Rd1 Qa5 14. 0-0 Rd8 15. e4 c4 16. Be2 dxe4 17. Qxe4 Be6 18. Qxb7 Bb4 19. Nd4 Nf4 20. Nc6 Bxc3 21. Bf3 Qxe5 22. bxc3 Nxh3+ 23. gxh3 Qg5+ 24. Bg2 Re8 25. f4 Qc5+ 26. Kh1 Rac8 27. Nd4 Re7 28. Nxe6 Rxe6 29. Rd5 Qc7 30. Qxc7 Rxc7 31. f5 Rb6 32. f6 h5 33. Rd8+ Kh7 34. Re8 h4 35. Re7 Rxe7 36. fxe7 Re6 37. Rxf7+ Kh6 38. Bc6 1-0

[Event "Sharjah op rapid"]
[Site "Sharjah"]
[Date "2018.05.24"]
[Round "3"]
[White "Arencibia Rodriguez, Walter"]
[Black "Sameir, Ramez"]
[Result "1-0"]
[WhiteElo "2506"]
[BlackElo "2048"]
[PlyCount "71"]
[EventDate "2018.05.23"]
[EventType "swiss (rapid)"]
[EventRounds "9"]
[EventCountry "UAE"]
[SourceTitle "CBM 184 Extra"]
[Source "ChessBase"]
[SourceDate "2018.06.28"]
[SourceVersion "1"]
[SourceVersionDate "2018.06.28"]
[SourceQuality "1"]

1. e4 e6 2. d4 d5 3. Nc3 Bb4 4. e5 c5 5. a3 Bxc3+ 6. bxc3 Ne7 7. a4 Qa5 8. Bd2 c4 9. Qg4 Nbc6 10. Nf3 Bd7 11. Qxg7 Rg8 12. Qf6 0-0-0 13. g3 Rg4 14. Bh3 Re4+ 15. Kf1 Rg8 16. Kg2 Be8 17. Rhe1 Rxe1 18. Bxe1 Qb6 19. Qh6 Qb2 20. Qc1 Qxc1 21. Rxc1 Na5 22. Ra1 Kc7 23. Bd2 Nc8 24. Ng5 h6 25. Nh7 Bc6 26. Nf6 Rh8 27. f4 Nb6 28. f5 exf5 29. Bxf5 Nxa4 30. Bg4 Kd8 31. Bf3 b5 32. Bxd5 Bxd5+ 33. Nxd5 Nc6 34. Rf1 Rh7 35. Rf6 Kd7 36. Rd6+ 1-0

[Event "Sharjah op rapid"]
[Site "Sharjah"]
[Date "2016.06.12"]
[Round "1"]
[White "Abdulrahman Mohammad, Al Taher"]
[Black "Arencibia Rodriguez, Walter"]
[Result "0-1"]
[WhiteElo "1291"]
[BlackElo "2506"]
[PlyCount "62"]
[EventDate "2016.06.12"]
[EventType "swiss (rapid)"]
[EventRounds "9"]
[EventCountry "UAE"]
[SourceTitle "CBM 173 Extra"]
[Source "ChessBase"]
[SourceDate "2016.08.29"]
[SourceVersion "1"]
[SourceVersionDate "2016.08.29"]
[SourceQuality "1"]

1. d4 Nf6 2. Bf4 e6 3. e3 b6 4. Bd3 Bb7 5. Nf3 Bd6 6. Bg3 Ne4 7. Bxd6 cxd6 8. 0-0 0-0 9. Nbd2 f5 10. Nc4 d5 11. Ncd2 Nc6 12. c4 Nb4 13. Be2 dxc4 14. Nxc4 Nd5 15. Bd3 d6 16. Bxe4 fxe4 17. Nfd2 Rc8 18. Rc1 Nb4 19. Qg4 Rf6 20. f3 Rg6 21. Qh5 Nd3 22. Rc2 exf3 23. Nxf3 b5 24. Na3 Rxc2 25. Nxc2 Bd5 26. g3 Nxb2 27. Nh4 Rf6 28. Rxf6 Qxf6 29. Qe8+ Qf8 30. Qxb5 Bc4 31. Qc6 Qf1# 0-1

[Event "Sharjah op rapid"]
[Site "Sharjah"]
[Date "2016.06.12"]
[Round "2"]
[White "Arencibia Rodriguez, Walter"]
[Black "Nowroozian, Nader"]
[Result "1-0"]
[WhiteElo "2506"]
[BlackElo "1528"]
[PlyCount "116"]
[EventDate "2016.06.12"]
[EventType "swiss (rapid)"]
[EventRounds "9"]
[EventCountry "UAE"]
[SourceTitle "CBM 173 Extra"]
[Source "ChessBase"]
[SourceDate "2016.08.29"]
[SourceVersion "1"]
[SourceVersionDate "2016.08.29"]
[SourceQuality "1"]

1. e4 c5 2. c3 d5 3. exd5 Qxd5 4. d4 cxd4 5. cxd4 Qe4+ 6. Be3 e6 7. Nc3 Bb4 8. Nf3 Nf6 9. Bd3 Qg4 10. 0-0 0-0 11. Qb3 Ba5 12. Ne5 Qh5 13. Be2 Qh4 14. Bf3 Nbd7 15. g3 Qh3 16. Bg2 Qf5 17. f4 Rb8 18. Rad1 Nb6 19. Nb5 Nbd5 20. Nd6 Qh5 21. Bf3 Qh3 22. Bf2 Rd8 23. Ndxf7 Rf8 24. Nd6 a6 25. Rc1 Bc7 26. Nxc8 Rfxc8 27. Rfe1 Bxe5 28. Rxc8+ Rxc8 29. dxe5 Ng4 30. Bxg4 Qxg4 31. Qxb7 Rc2 32. Qb8+ Kf7 33. Qa7+ Kg6 34. Qd4 h5 35. a4 Kh6 36. b4 h4 37. b5 axb5 38. axb5 h3 39. Qe4 Rb2 40. b6 Rb4 41. Qe2 Qg6 42. Bc5 Rb1 43. Rxb1 Qxb1+ 44. Qf1 Qb3 45. Qxh3+ Kg6 46. Qxe6+ Kh7 47. Qh3+ Kg8 48. Qc8+ Kh7 49. Qf5+ Kg8 50. Bf2 Qd1+ 51. Kg2 Qd2 52. Qe4 Nxb6 53. e6 Qd5 54. Qxd5 Nxd5 55. Kf3 Kf8 56. Bd4 g6 57. Ke4 Nc7 58. Ke5 Ke8 1-0

[Event "Sharjah op rapid"]
[Site "Sharjah"]
[Date "2016.06.12"]
[Round "6"]
[White "Arencibia Rodriguez, Walter"]
[Black "Yakubboev, Nodirbek"]
[Result "1/2-1/2"]
[WhiteElo "2506"]
[BlackElo "2422"]
[PlyCount "157"]
[EventDate "2016.06.12"]
[EventType "swiss (rapid)"]
[EventRounds "9"]
[EventCountry "UAE"]
[SourceTitle "EXT 2017"]
[Source "ChessBase"]
[SourceDate "2016.10.25"]
[SourceVersion "1"]
[SourceVersionDate "2016.10.25"]
[SourceQuality "1"]

1. e4 c6 2. d4 d5 3. e5 Bf5 4. Nf3 e6 5. Be2 Nd7 6. 0-0 Ne7 7. Nbd2 h6 8. Nb3 g5 9. Ne1 Qc7 10. Bd2 c5 11. Nxc5 Nxc5 12. dxc5 Nc6 13. Bd3 Bxc5 14. Bxf5 exf5 15. Nd3 Bb6 16. c3 0-0-0 17. Qf3 f4 18. Rfe1 Rhe8 19. Qh3+ Qd7 20. Qxd7+ Rxd7 21. g3 fxg3 22. hxg3 Rde7 23. Kg2 Nxe5 24. Nb4 Nc4 25. Rxe7 Rxe7 26. Nxd5 Re2 27. Nxb6+ axb6 28. Bc1 Ne5 29. b3 Re1 30. c4 Nd3 31. Bb2 Rxa1 32. Bxa1 Nc1 33. g4 Nxa2 34. Bg7 Nc1 35. b4 Kd7 36. Bxh6 f6 37. Kf3 Ke7 38. Ke3 Na2 39. b5 Nc3 40. f4 gxf4+ 41. Bxf4 Kd7 42. Kd3 Na4 43. Ke4 Ke6 44. Be3 Nb2 45. Kd4 Na4 46. Bf4 Kd7 47. Bd2 Nc5 48. Kd5 Nd3 49. Be3 Ne5 50. g5 Ng4 51. g6 Nxe3+ 52. Ke4 Ng4 53. Kf5 Nh6+ 54. Kxf6 Kd6 55. g7 Kd7 56. Kg6 Ng8 57. Kf7 Ne7 58. Kf6 Kd6 59. Kf7 Nf5 60. g8N Kc5 61. Ke6 Ne3 62. Kd7 Nxc4 63. Kc7 Kxb5 64. Kxb7 Kc5 65. Nf6 b5 66. Ne4+ Kd4 67. Kc6 b4 68. Nc5 Na3 69. Nb3+ Kc3 70. Na5 Nc4 71. Nb7 Ne5+ 72. Kb5 Nd3 73. Na5 Ne5 74. Nb7 Nd3 75. Na5 Nf4 76. Nb7 Ne6 77. Na5 Nd4+ 78. Ka4 Nc2 79. Kb5 1/2-1/2